00427nam a2200157Ia 450000500170000000800460001702000180006303700100008104000180009104100130010908400080012210000130013024500290014326000570017285600400022920260120131428.0008 260114s9999 xx 000 0 eng d a9780191842863 aEBOOK aCRLbengcCRL aeng2eng qCRL aSchifano 0aVerb Movement in Romance bOxford University PressOxford University Pressc2018 uhttps://academic.oup.com/book/26598